000 00317nam a22001337a 4500
020 _a0 85157 182 4
082 _a025.3 HUN
100 _aHunter J. Eric
_96864
245 _a Cataloguing : A guidebook
260 _aLondon
_bClive Bingley
_c1968
300 _a184p, ill.;22cm
500 _a Include index
942 _cBK
999 _c19124
_d19124